| 000 | 00547nam a22001817a 4500 | ||
|---|---|---|---|
| 005 | 20240321103910.0 | ||
| 008 | 240321b |||||||| |||| 00| 0 eng d | ||
| 020 | _a978-969-8455-59-0 | ||
| 082 |
_a959 _bMAH-A |
||
| 100 | _aMahatir Muhammad. | ||
| 245 |
_aAsia ka Muqadma : _bAalimi Maeeshaton Ka Tasadum Aur Ubharta Asia / _cMahatir Muhammad. |
||
| 250 | _a1st ed. | ||
| 260 |
_aPakistan : _bJumhoori Publicatios, _cc 2017. |
||
| 300 |
_a133 p. : _c21.5 cm. |
||
| 500 | _aJumhoori publications. | ||
| 650 | _aHistory / literature | ||
| 999 |
_c35414 _d35414 |
||